00365 a2200097 4500001001000000005001700010008004100027245002500068100002200093773015200115ART_4085420260410161935.0260409a 10aClientes difíciles1 aNebbia, Alicia S.0 tBoletin del Consejo Profesional de Ciencias Económicas de la Provincia de Santa Fe (camara segunda)g- Año XXVII, Nº 329 (dic. 2016)wREV25058